00703nam a2200229 a 4500001001300000003000900013005001700022008004100039020001000080082001500090100003300105245003600138260005100174300000800225500003500233650002200268700003300290902000800323942000700331952011800338999001700456nice12345678IN_TiNIC20260116015341.0100208s1973 bana grp 000 0 eng  ac10000a269.2bCHU aChurch, Extension Commission aLight and Life We Seek to Share aBangalore bChurch Extension Commission c1973 a482 aincludes index and biblioraphy aEvangelistic Work1 aChurch, Extension Commission bSRS cBK 001040708StackRoom-aHMIbHMId2010-02-08g100.00l0o269.2 CHUp11001752r2010-02-08v100.00w2010-02-08yBK c19342d19342